[Event "Wiesbaden op 31st"]
[Site "Wiesbaden"]
[Date "2019.08.25"]
[Round "7"]
[White "Krischak, Werner"]
[Black "Freund, Stefan"]
[Result "1-0"]
[WhiteElo "1738"]
[BlackElo "1601"]
[PlyCount "83"]
[EventDate "2019.08.22"]
[EventType "swiss"]
[EventRounds "7"]
[EventCountry "GER"]
[SourceTitle "EXT 2020"]
[Source "ChessBase"]
[SourceDate "2019.10.17"]
[SourceVersion "1"]
[SourceVersionDate "2019.10.17"]
[SourceQuality "1"]

1. d4 g6 2. Nf3 Bg7 3. c4 d6 4. Nc3 Bg4 5. e3 Nd7 6. Be2 Ngf6 7. e4 Bxf3 8. Bxf3 e5 9. d5 0-0 10. Bg5 a6 11. Qd2 Qb8 12. Be2 Ne8 13. Be7 Nef6 14. Bxf8 Qxf8 15. g4 h6 16. h4 Nh7 17. 0-0-0 a5 18. Rdg1 a4 19. a3 Nc5 20. Bd1 Nf6 21. f3 Nfd7 22. Kb1 Nb6 23. Qe2 Nbd7 24. Bc2 Qb8 25. Ka2 Bf8 26. Nd1 Ra5 27. Ne3 b5 28. Qd2 Nb3 29. Bxb3 axb3+ 30. Kb1 Ra4 31. Qc3 Nc5 32. Kc1 Qb6 33. Kd2 Be7 34. Ke2 Qa6 35. Rc1 Bd8 36. cxb5 Qxb5+ 37. Nc4 c6 38. Kf2 cxd5 39. Nxd6 Nxe4+ 40. fxe4 Bb6+ 41. Kg3 Qe2 42. Rh2 1-0